000 00821nam a2200241 a 4500
001 BRCA_5531
005 20190320205123.0
008 280311s1951----nyua######---#000-0#eng-#
041 _aeng
044 _anyu
050 4 _aN2030
_b.A78 1951
245 1 0 _aArt Treasures of the Louvre
_ctext translated and adapted from the French of Rene Huyghe ; commentary by Rene Huyghe ; with a brief history of the Louvre by Milton S. Fox.
260 _aNew York
_bH. N. Abrams
_c1951
300 _a178 p.
_bil., 100 láminas
_c33 cm.
500 _aF5
610 2 4 _aMusee National de Louvre (París)
_xColecciones de arte
_914119
650 1 4 _aArte
_zParís
_99463
650 1 4 _aGalerías y museos
_zFrancia
_97839
700 1 _aHuyghe, Rene
_eTraductor
_99458
700 1 _aFox, Milton S.
_914120
902 _aGFM
942 _2lcc
_cB
999 _c5225
_d5225